| 000 | 01043nam a2200289 a 4500 | ||
|---|---|---|---|
| 008 | |||
| 020 | _a9789351521297 (hardback) | ||
| 040 |
_aNUST _cNUST |
||
| 049 | _aMAIN | ||
| 090 |
_aRC683.5 _bTRA |
||
| 245 | 1 | 0 |
_aTransesophageal echocardiography of the tricuspid and pulmonary valves/ _cedited by Poonam Malhotra Kapoor forewords by Navin C Nanda & Balram Airan. |
| 260 |
_aNew Delhi, India : _bJaypee Brothers Medical, _c2014. |
||
| 300 |
_axxii, 287 pages : _billustrations (chiefly colour) ; _c29 cm.+DVD-ROM |
||
| 336 |
_atext _btxt _2rdacontent |
||
| 337 |
_aunmediated _bn _2rdamedia |
||
| 338 |
_avolume _bnc _2rdacarrier |
||
| 500 | _aIncludes index. | ||
| 504 | _aIncludes bibliographical references. | ||
| 650 | 1 | _aTransesophageal echocardiography. | |
| 650 | _aTricuspid valve. | ||
| 650 | _aPulmonary valve. | ||
| 700 |
_aKapoor, Poonam Malhotra., _aeditor. |
||
| 907 |
_a.b10411999 _b03-11-21 _c01-11-21 |
||
| 003 | |||
| 005 | 20230120204332.0 | ||
| 942 |
_cBOOKS _kRC683.5 _mTRA |
||
| 999 |
_c121421 _d121421 |
||